Quizz The Office - Statistiques

Statistiques générales
  • Ce quiz a été pris 47 fois
  • Le résultat moyen est 17 sur 26
Statistiques - réponses
Réponses % Correct
4 Dwight
100%
2 Jim
100%
1 Michael
97%
3 Pam
97%
7 Angela
87%
5 Kevin
87%
8 Kelly
84%
20 Jan
79%
14 Meredith
79%
9 Ryan
79%
11 Stanley
76%
6 Oscar
74%
13 Phyllis
74%
16 Andy
71%
12 Creed
71%
10 Toby
71%
15 Darryl
55%
19 Karen
55%
21 Erin
53%
26 Holly
47%
24 David
45%
17 Roy
42%
22 Robert
34%
23 Gabe
24%
18 Jo
21%
25 Todd
13%
Aucun quiz correspondant
Distribution des résultats
% des personnes avec chaque résultat
Percentile par nombre de réponses
Votre historique - résultats
Vous n’avez pas pris ce quiz